| 000 | 00690nam a2200217 a 4500 | ||
|---|---|---|---|
| 001 | 000000055 | ||
| 005 | 20220125115742.0 | ||
| 008 | 991125s1994 mx 000 0 spa u | ||
| 020 | _a9683631541 | ||
| 035 | _aUPN01000056716 | ||
| 049 | _aCG | ||
| 050 | 4 |
_aF1233 _bZ3.7 1994 |
|
| 100 | 1 |
_aZarco, Francisco, _d1829-1869 _928493 |
|
| 245 | 1 | 0 |
_aTextos políticos / _cFrancisco Zarco ; tr. introd. y selec. Xavier Tavera Alfaro. |
| 250 | _a2a ed. | ||
| 260 |
_aMéxico : _bUNAM, Coordinación de Humanidades, _c1994. |
||
| 300 | _axxiv, 156 p. | ||
| 440 | 0 |
_aBiblioteca del estudiante universitario ; _v75 |
|
| 651 | 4 |
_aMEXICO - _xHISTORIA - _yREGIMEN LIBERAL, 1860-1863 |
|
| 905 | _aLibro | ||
| 999 |
_c56716 _d56716 |
||